[Event "Mitropa Cup Open 2019"]
[Site "Radenci"]
[Date "2019.05.27"]
[Round "1.17"]
[White "Gazik, Viktor"]
[Black "Jovanic, Ognjen"]
[Result "1/2-1/2"]
[WhiteElo "2520"]
[BlackElo "2511"]
[Annotator "TA"]
[PlyCount "81"]
[EventDate "2019.05.27"]
[EventType "team-tourn"]
[EventCountry "SLO"]
[SourceTitle "playchess.com"]
[Source "ChessBase"]
[SourceQuality "1"]
[WhiteTeam "Slovakia"]
[BlackTeam "Croatia"]
[WhiteTeamCountry "SVK"]
[BlackTeamCountry "CRO"]

{[%evp 17,81,0,0,0,0,-19,18,5,28,6,11,10,24,6,46,36,45,26,58,53,56,45,97,62,71,40,67,21,105,33,80,80,84,85,91,35,1,0,40,28,42,58,39,25,24,19,51,23,39,18,12,0,0,0,0,-10,0,0,0,0,0,0,0,0,0,0]} 1. e4 e5 2. Nf3 Nf6 3. Nc3 Nc6 4. Bb5 Bb4 5. O-O O-O 6. d3 Bxc3 7. bxc3 d6 8. Re1 h6 9. d4 Bd7 10. Bd3 {C49: Four Knights: 4 Bb5 Bb4} (10. Rb1 b6 11. h3 Re8 12. Bd3 Nh7 13. Be3 Qf6 14. Kh2 Ne7 15. Ng1 Rad8 16. g3 Qg6 17. g4 Qf6 {0-1 (47) Reshef,O (2490)-Quesada Perez,Y (2642) Burlingame 2018}) 10... Re8 11. Bb2 $146 ({Predecessor:} 11. Rb1 Rb8 12. d5 Ne7 13. Nd2 Nh7 14. Qh5 Rf8 15. Nf1 f5 16. exf5 Bxf5 17. Bxf5 Rxf5 18. Qd1 Qd7 19. Ng3 Rf7 {0-1 (55) Brady,S (2385)-De Jong,J (2479) Kallithea 2008}) 11... Na5 12. Nd2 c5 13. dxc5 dxc5 14. c4 b6 15. Nf1 Nc6 16. Ne3 Nd4 17. c3 Ne6 18. Nd5 Nf4 19. Bf1 Be6 (19... Re6 $14) 20. Qf3 Ng6 21. g3 Nh7 22. h4 Qc8 {[#]} (22... Ne7 $11) 23. Be2 (23. a4 $1 $16) 23... Ngf8 24. Bc1 Rb8 25. Qd3 Rb7 26. Be3 ({Better is} 26. a4 $16) 26... f5 $14 27. Bh5 fxe4 28. Qxe4 Bf5 29. Qg2 Bg6 30. Bxg6 Nxg6 31. Qe4 Ngf8 {[%cal Bg6f8,Bf8d7,Bd7f6][%mdl 32]} 32. a4 (32. Bf4 $5) 32... Nd7 33. a5 Ndf6 {The position is equal.} 34. Qg2 e4 35. axb6 axb6 36. Bf4 Qc6 37. Rad1 Rd7 {[%cal Rf6d5]} 38. Nxf6+ Nxf6 39. Qh3 $1 Rd3 40. Qf5 Red8 ({Wrong is} 40... Rxc3 $2 41. Rd6 $18) 41. Rc1 {Accuracy: White = 52%, Black = 33%.} 1/2-1/2

[Event "Mitropa Cup Open 2019"]
[Site "Radenci"]
[Date "2019.05.27"]
[Round "1.18"]
[White "Kovacevic, Blazimir"]
[Black "Druska, Juraj"]
[Result "1-0"]
[WhiteElo "2456"]
[BlackElo "2460"]
[Annotator "TA"]
[PlyCount "73"]
[EventDate "2019.05.27"]
[EventType "team-tourn"]
[EventCountry "SLO"]
[SourceTitle "playchess.com"]
[Source "ChessBase"]
[SourceQuality "1"]
[WhiteTeam "Croatia"]
[BlackTeam "Slovakia"]
[WhiteTeamCountry "CRO"]
[BlackTeamCountry "SVK"]

{[%evp 12,73,28,13,20,16,12,-14,0,0,0,0,0,0,0,0,0,0,0,0,17,14,32,-8,0,0,14,-14,-13,0,-8,-5,0,-8,43,45,41,0,48,56,56,74,106,108,107,89,287,289,355,358,536,618,588,600,912,1038,1001,1023,970,920,1308,1246,1532,1412]} 1. c4 e6 2. Nc3 d5 3. d4 Nf6 4. cxd5 Nxd5 5. e4 Nxc3 6. bxc3 c5 7. Rb1 Be7 {D35: Queen's Gambit Declined: Exchange Variation} 8. Nf3 O-O 9. Be2 (9. Bc4 a6 10. a4 Qc7 11. Bd3 Nc6 12. O-O cxd4 13. cxd4 Nb4 14. Ba3 Nxd3 15. Qxd3 Bxa3 16. Qxa3 {½-½ (33) Akobian,V (2625)-Dominguez Perez,L (2739) Saint Louis 2019}) 9... cxd4 {The position is equal.} 10. cxd4 b6 11. O-O Bb7 12. Qd3 Qd6 $146 ({Predecessor:} 12... Nd7 13. Be3 Rc8 14. Rbc1 Rxc1 15. Rxc1 Qb8 16. Nd2 Rc8 17. Rxc8+ Qxc8 18. f3 Qc7 {½-½ (18) Urkedal,F (2571)-Agdestein,S (2581) Norway 2018}) 13. Qe3 Nc6 14. Bb2 Rfd8 15. Rfd1 Na5 16. Bd3 h6 17. d5 exd5 18. e5 Qd7 19. Qf4 Bc8 20. h3 Qe8 21. Qg3 $40 {[%mdl 128] White mounts an attack.} Nc4 22. Ba1 Bf8 (22... Be6 $11) 23. Re1 $14 {[%mdl 1024] White has compensation.} Be6 24. Re2 Qe7 25. Nd4 Qg5 $1 {[%cal Rg5g3]} 26. Qh2 $1 Bc5 27. f4 $1 {[%cal Rf4g5]} Qh4 28. Kh1 Re8 $2 (28... Bxd4 $16 {might work better.} 29. Bxd4 g5) 29. Nf3 $1 $18 {[%cal Rf3h4]} Qe7 {[#]} 30. f5 $1 Bd7 (30... Bxf5 $142 31. Bxf5 Qc7) 31. f6 {White is clearly winning.} Qf8 {[#]} 32. fxg7 $1 Qe7 {[#]} 33. Qf4 $1 {[%mdl 512]} Qe6 34. Nd4 Bxd4 35. Bxd4 Re7 36. Rf1 Rae8 37. Qh4 {Accuracy: White = 79%, Black = 49%.} 1-0

[Event "Mitropa Cup Open 2019"]
[Site "Radenci"]
[Date "2019.05.27"]
[Round "1.19"]
[White "Repka, Christopher"]
[Black "Tica, Sven"]
[Result "1-0"]
[WhiteElo "2482"]
[BlackElo "2417"]
[Annotator "RC"]
[PlyCount "73"]
[EventDate "2019.05.27"]
[EventType "team-tourn"]
[EventCountry "SLO"]
[SourceTitle "playchess.com"]
[Source "ChessBase"]
[SourceQuality "1"]
[WhiteTeam "Slovakia"]
[BlackTeam "Croatia"]
[WhiteTeamCountry "SVK"]
[BlackTeamCountry "CRO"]
[TimeControl "40/5400+30:1800+30"]

1. d4 {[%emt 0:00:00]} d5 {[%emt 0:00:00]} 2. c4 {[%emt 0:00:00]} e6 {[%emt 0:00:00]} 3. Nc3 {[%emt 0:00:00]} Nf6 {[%emt 0:00:00]} 4. cxd5 {[%emt 0:00:13]} exd5 {[%emt 0:00:02]} 5. Bg5 {[%emt 0:00:04]} c6 {[%emt 0:01:53]} 6. Qc2 {[%emt 0:01:45]} Bd6 {[%emt 0:00:00]} 7. e3 {[%emt 0:00:10]} O-O {[%emt 0:00:00]} 8. Bd3 {[%emt 0:00:04]} h6 {[%emt 0:00:00]} 9. Bh4 {[%emt 0:00:03]} Re8 {[%emt 0:00:00]} 10. Nge2 {[%emt 0:00:04]} Nbd7 {[%emt 0:03:15]} 11. h3 {[%emt 0:01:32]} Nf8 {[%emt 0:03:13]} 12. g4 {[%emt 0:00:14]} Ne6 {[%emt 0:03:44]} 13. O-O-O {[%emt 0:01:07]} b5 {[%emt 0:10:02]} 14. f4 {[%emt 0:01:42]} b4 {[%emt 0:09:27]} 15. Na4 {[%emt 0:00:04]} Bd7 {[%emt 0:00:39]} 16. Kb1 {[%emt 0:03:58]} Rc8 {[%emt 0:12:23]} 17. Nc5 {[%emt 0:14:02]} Nxc5 18. dxc5 {[%emt 0:00:00]} Bf8 {[%emt 0:02:44]} 19. e4 {[%emt 0:00:00]} g5 {[%emt 0:06:48]} 20. fxg5 {[%emt 0:14:16]} Nxe4 21. Bxe4 Rxe4 22. Ng3 Rc4 23. Qd2 Be7 24. b3 Rc3 25. Nh5 hxg5 26. Qd4 Qf8 27. Be1 Rf3 28. Bxb4 f5 29. Rde1 Be8 30. Bc3 Bg6 31. Re6 Bxh5 32. gxh5 Kh7 33. Rhe1 Bxc5 34. Qe5 Qf7 35. Rg6 Rg8 36. Rxc6 Bb6 37. Qxd5 {[%emt 0:00:00]} 1-0

[Event "Mitropa Cup Open 2019"]
[Site "Radenci"]
[Date "2019.05.27"]
[Round "1.20"]
[White "Srbis, Jurica"]
[Black "Sahidi, Samir"]
[Result "0-1"]
[WhiteElo "2429"]
[BlackElo "2400"]
[Annotator "TA"]
[PlyCount "68"]
[EventDate "2019.05.27"]
[EventType "team-tourn"]
[EventCountry "SLO"]
[SourceTitle "playchess.com"]
[Source "ChessBase"]
[SourceQuality "1"]
[WhiteTeam "Croatia"]
[BlackTeam "Slovakia"]
[WhiteTeamCountry "CRO"]
[BlackTeamCountry "SVK"]

{[%evp 15,74,49,70,53,56,56,53,59,58,58,61,41,31,23,124,31,299,300,451,454,435,439,443,191,192,200,195,0,0,0,0,0,0,-22,-9,-12,-21,-106,-109,-206,-204,-567,-544,-493,-362,-362,-337,-685,-681,-675,-657,-642,-646,-29990,-29991,-29991,-29992,-29989,-29989,-29993,-29994]} 1. d4 Nf6 2. c4 e6 3. Nf3 b6 4. g3 Be7 5. Bg2 Bb7 6. O-O c5 7. d5 exd5 8. Nh4 O-O 9. cxd5 {Threatens to win with d6. A30: Symmetrical English: Double Fianchetto and Hedgehog} d6 10. Nc3 g6 11. e4 {White is slightly better.} (11. Nf3 Re8 12. Nd2 a6 13. a3 b5 14. b4 Nbd7 15. Bb2 Bf8 16. Nb3 {½-½ (36) Dizdarevic,E (2528)-Dumpor,A (2336) Prijedor 2015}) 11... Re8 12. f4 Bf8 13. e5 $146 ({Predecessor:} 13. Re1 Nbd7 14. b3 a6 15. a4 Bg7 16. Bb2 Nh5 {1-0 (49) Theodorou,N (2321)-Taalaibekov,T (2047) Gyor 2014}) 13... dxe5 14. f5 $1 Ba6 {[#]} (14... Nbd7 $11) 15. Rf2 ({White should play} 15. fxg6 $1 $16 {[%mdl 512]} hxg6 (15... fxg6 16. Rf2) 16. Bg5 Bxf1 17. Qxf1) 15... c4 $2 {[%mdl 8192]} ({Better is} 15... e4 $14) 16. d6 $18 e4 (16... Qxd6 $142 17. Bxa8 Qxd1+ 18. Nxd1 Nbd7) 17. fxg6 hxg6 18. Bg5 Nbd7 {[%cal Bb8d7,Bd7e5,Be5d3][%mdl 32] [#]} 19. Nxe4 (19. Nxg6 $142 $1 {[%mdl 512]} fxg6 20. Nxe4 $1 {[%mdl 512]}) 19... Nxe4 20. Bxd8 Nxf2 {[#]} 21. Qa4 $2 ({Inferior is} 21. Kxf2 Raxd8 22. Bc6 c3 $15) ({Only move:} 21. Qd5 $1 $18 {[%cal Rd5a8]} Raxd8 22. Nxg6) 21... Raxd8 $11 22. Qxa6 Ng4 23. Qxc4 Nde5 24. Qa4 Bxd6 {Strongly threatening ...Bc5+.} 25. b4 Nd3 {aiming for ...Be5.} 26. Bc6 ({Wrong is} 26. Qxa7 $2 Be5 $19) (26. Bf3 $1 $11 {keeps the balance.} Nge5 27. Be2) 26... Re7 $17 {[%mdl 1024] Black has strong compensation.} ({Worse is} 26... Re2 27. Bf3 $14) 27. a3 {[#]} (27. Bf3 $17 {might work better.} Nge5 28. Be4) 27... Be5 $1 $19 {[%cal Re5a1]} 28. Ra2 $2 (28. Rf1 {is more resistant.} Bd4+ 29. Kh1) 28... Bd4+ 29. Kg2 Ne3+ 30. Kh1 Bf6 31. Bf3 $2 (31. Nf3 Nb2 32. Qb5) 31... Rc7 {( -> ...Nf2+!)} 32. h3 {If White can now play Re2 this consolidates a bit.} Rc1+ 33. Kh2 Nb2 34. Qb3 Rd2+ 0-1

[Event "Mitropa Cup Open 2019"]
[Site "Radenci"]
[Date "2019.05.28"]
[Round "2.1"]
[White "Mihok, Oliver"]
[Black "Jovanic, Ognjen"]
[Result "1-0"]
[WhiteElo "2541"]
[BlackElo "2511"]
[Annotator "RC"]
[PlyCount "87"]
[EventDate "2019.05.27"]
[EventType "team-tourn"]
[EventCountry "SLO"]
[SourceTitle "playchess.com"]
[Source "ChessBase"]
[SourceQuality "1"]
[WhiteTeam "Hungary"]
[BlackTeam "Croatia"]
[WhiteTeamCountry "HUN"]
[BlackTeamCountry "CRO"]
[TimeControl "40/5400+30:1800+30"]

1. e4 {[%emt 0:00:00]} e5 {[%emt 0:00:00]} 2. Nf3 {[%emt 0:00:00]} Nf6 {[%emt 0:00:00]} 3. d4 {[%emt 0:00:00]} Nxe4 {[%emt 0:01:18]} 4. Bd3 {[%emt 0:00:02]} d5 {[%emt 0:00:32]} 5. Nxe5 {[%emt 0:00:06]} Nd7 {[%emt 0:00:50]} 6. Nxd7 {[%emt 0:00:06]} Bxd7 {[%emt 0:00:14]} 7. O-O {[%emt 0:00:26]} Bd6 {[%emt 0:01:05]} 8. Qh5 {[%emt 0:00:06]} Qf6 {[%emt 0:15:43]} 9. Nc3 {[%emt 0:00:30]} Qxd4 {[%emt 0:00:54]} 10. Be3 {[%emt 0:00:54]} Qe5 {[%emt 0:01:19]} 11. Qxe5+ {[%emt 0:00:33]} Bxe5 {[%emt 0:00:03]} 12. Nxd5 {[%emt 0:00:08]} Nf6 {[%emt 0:03:50]} 13. Rae1 {[%emt 0:00:19]} Nxd5 {[%emt 0:02:08]} 14. Bd4 {[%emt 0:00:59]} f6 {[%emt 0:13:17]} 15. Bxe5 {[%emt 0:03:11]} O-O-O {[%emt 0:09:32]} 16. Bg3 {[%emt 0:06:38]} Nb4 {[%emt 0:06:38]} 17. Bc4 {[%emt 0:13:44]} Nxc2 {[%emt 0:04:37]} 18. Re7 {[%emt 0:02:47]} g5 {[%emt 0:02:45]} 19. Rd1 {[%emt 0:11:19]} Nb4 {[%emt 0:15:31]} 20. Rdxd7 {[%emt 0:12:09]} Rxd7 {[%emt 0:00:01]} 21. Be6 {[%emt 0:00:09]} Rhd8 {[%emt 0:00:05]} 22. Rxh7 {[%emt 0:00:13]} Nd5 {[%emt 0:01:24]} 23. h4 {[%emt 0:05:51]} gxh4 {[%emt 0:00:24]} 24. Bxh4 {[%emt 0:00:10]} c5 {[%emt 0:01:03]} 25. Rf7 {[%emt 0:01:10]} b5 {[%emt 0:07:32]} 26. g4 {[%emt 0:03:10]} Kc7 {[%emt 0:02:55]} 27. Bxd5 {[%emt 0:00:50]} Kd6 {[%emt 0:02:06]} 28. Rxf6+ {[%emt 0:03:15]} Kxd5 {[%emt 0:00:02]} 29. Rf5+ {[%emt 0:00:07]} Kd4 {[%emt 0:00:14]} 30. Bxd8 {[%emt 0:03:40]} Rxd8 {[%emt 0:00:02]} 31. g5 {[%emt 0:01:23]} a6 {[%emt 0:03:10]} 32. g6 {[%emt 0:06:41]} c4 {[%emt 0:00:01]} 33. g7 {[%emt 0:01:14]} Rg8 {[%emt 0:00:02]} 34. Rf7 {[%emt 0:00:12]} Ke5 {[%emt 0:04:22]} 35. Kf1 {[%emt 0:01:35]} Ke6 {[%emt 0:00:02]} 36. Ra7 {[%emt 0:01:55]} Kf6 {[%emt 0:00:01]} 37. a3 {[%emt 0:03:13]} Rxg7 {[%emt 0:04:02]} 38. Rxa6+ {[%emt 0:00:05]} Ke5 {[%emt 0:00:07]} 39. Rb6 {[%emt 0:00:17]} Kd4 {[%emt 0:00:07]} 40. Rxb5 {[%emt 0:00:00]} Kd3 {[%emt 0:00:00]} 41. a4 {[%emt 0:03:16]} Ra7 {[%emt 0:04:16]} 42. a5 {[%emt 0:01:37]} Ra8 {[%emt 0:00:00]} 43. Kg2 {[%emt 0:05:48]} Ke4 {[%emt 0:00:32]} 44. Rb4 {[%emt 0:02:34]} 1-0

[Event "Mitropa Cup Open 2019"]
[Site "Radenci"]
[Date "2019.05.28"]
[Round "2.2"]
[White "Kovacevic, Blazimir"]
[Black "Nagy, Gabor"]
[Result "1/2-1/2"]
[WhiteElo "2456"]
[BlackElo "2471"]
[Annotator "TA"]
[PlyCount "64"]
[EventDate "2019.05.27"]
[EventType "team-tourn"]
[EventCountry "SLO"]
[SourceTitle "playchess.com"]
[Source "ChessBase"]
[SourceQuality "1"]
[WhiteTeam "Croatia"]
[BlackTeam "Hungary"]
[WhiteTeamCountry "CRO"]
[BlackTeamCountry "HUN"]

{[%evp 17,64,-12,0,-18,-16,-6,-9,-10,-8,-21,-18,-21,-18,-32,-29,-22,-10,-17,-14,-26,-8,-14,-8,-8,0,0,0,0,0,0,0,0,0,0,0,0,0,0,0,0,0,0,0,0,0,0,0,0,0]} 1. c4 Nf6 2. Nc3 g6 3. g3 Bg7 4. Bg2 O-O 5. e3 c6 6. Nge2 d5 7. cxd5 cxd5 8. d4 Nc6 9. O-O b6 10. b4 {D71: Fianchetto Grünfeld: 3 g3 d5 sidelines and 5 cxd5 (without Nf3)} (10. b3 Ba6 11. Ba3 Re8 12. Qd2 Rc8 13. Rfd1 e6 {½-½ (13) Malakhatko,V (2518)-Yilmazyerli,M (2459) Ankara 2017}) 10... e6 11. a4 $146 ({Predecessor:} 11. Rb1 Bb7 12. a4 a6 13. Nf4 Rb8 14. Nd3 Ne8 15. b5 Na5 16. Ba3 Nd6 17. bxa6 Bxa6 {½-½ (25) Seidens,U (2206)-Halbritter,J (2122) Bayern 2005}) 11... Nxb4 12. Ba3 a5 13. Qb3 Ba6 14. Bxb4 Bc4 15. Qb2 axb4 16. Qxb4 Ra6 17. Rfc1 Qd7 18. Bf1 Rfa8 {Threatening ...b5!} 19. Nf4 {The position is equal.} Bxf1 (19... b5 {keeps more tension.} 20. Nxb5 Bf8 21. Qb2 Rxa4 22. Rxa4 Rxa4 23. Nc3 Rb4) 20. Kxf1 Ne4 21. Nxe4 dxe4 22. Rab1 Rxa4 23. Qxb6 e5 24. dxe5 Bxe5 25. Rd1 Qc8 26. Rbc1 Rc4 27. Rd8+ Qxd8 28. Qxd8+ Rxd8 29. Rxc4 Bxf4 30. exf4 f5 31. Rc7 Rd2 32. h4 h5 {Accuracy: White = 62%, Black = 70%.} 1/2-1/2

[Event "Mitropa Cup Open 2019"]
[Site "Radenci"]
[Date "2019.05.28"]
[Round "2.3"]
[White "Kozak, Adam"]
[Black "Tica, Sven"]
[Result "1/2-1/2"]
[WhiteElo "2458"]
[BlackElo "2417"]
[Annotator "TA"]
[PlyCount "60"]
[EventDate "2019.05.27"]
[EventType "team-tourn"]
[EventCountry "SLO"]
[SourceTitle "playchess.com"]
[Source "ChessBase"]
[SourceQuality "1"]
[WhiteTeam "Hungary"]
[BlackTeam "Croatia"]
[WhiteTeamCountry "HUN"]
[BlackTeamCountry "CRO"]

{[%evp 10,60,10,7,28,25,17,10,10,10,38,24,29,26,28,19,60,41,44,26,91,0,0,0,0,0,0,0,0,0,0,0,-13,-10,0,-18,0,0,0,0,0,0,0,0,0,0,0,0,0,0,0,0,0]} 1. Nf3 Nf6 2. g3 b5 {[%cal Bb7b5,Bb5b4][%mdl 32]} 3. Bg2 Bb7 4. Na3 a6 5. c4 b4 6. Nc2 {[%cal Ba3c2,Bc2e3,Be3f5][%mdl 32]} e6 {A05: Réti Opening: 1 Nf3 Nf6} 7. O-O Be7 8. d4 a5 (8... Be4 9. a3 bxa3 10. b3 O-O 11. Bxa3 d6 12. Ne3 c6 13. Qd2 Nbd7 14. Nd1 Qb6 15. Nc3 Qxb3 16. Ne5 dxe5 17. Bxe7 exd4 18. Nxe4 Nxe4 19. Bxe4 Rfe8 20. Bxc6 Ra7 21. Qxd4 {1-0 (21) Nakamura,H (2793)-Oparin,G (2604) Zuerich 2017}) 9. b3 d6 $146 ({Predecessor:} 9... O-O 10. Bb2 Be4 11. Ne3 Na6 12. Ne5 Bxg2 13. Nxg2 Qe8 14. d5 {1-0 (49) Petr,M (2529)-Krejci,J (2518) Ostrava 2014}) 10. Bb2 Nbd7 11. Ne3 O-O 12. d5 e5 13. Nf5 Nc5 14. Qc2 c6 {[#]} (14... Re8 $11) 15. dxc6 (15. Nxe5 $1 $16 cxd5 16. Nf3) 15... Bxc6 $11 {The position is equal.} 16. N3h4 Bxg2 17. Nxg2 g6 18. Nxe7+ Qxe7 19. Ne3 a4 20. Rfd1 Ra6 21. Nd5 Nxd5 22. Rxd5 axb3 23. axb3 {Rxa6 is the strong threat.} Rxa1+ 24. Bxa1 Ra8 25. Bb2 Ra2 26. Qb1 Ra6 27. Qd1 Ra2 28. Qb1 Ra6 29. Qd1 Ra2 30. Qb1 Ra6 {Accuracy: White = 69%, Black = 57%.} 1/2-1/2

[Event "Mitropa Cup Open 2019"]
[Site "Radenci"]
[Date "2019.05.28"]
[Round "2.4"]
[White "Srbis, Jurica"]
[Black "Csonka, Balazs"]
[Result "1-0"]
[WhiteElo "2429"]
[BlackElo "2466"]
[Annotator "TA"]
[PlyCount "41"]
[EventDate "2019.05.27"]
[EventType "team-tourn"]
[EventCountry "SLO"]
[SourceTitle "playchess.com"]
[Source "ChessBase"]
[SourceQuality "1"]
[WhiteTeam "Croatia"]
[WhiteTeamCountry "CRO"]

{[%evp 23,41,0,-3,-7,0,-9,-5,-16,0,0,0,0,0,0,-12,-25,302,295,292,286]} 1. c4 e6 2. Nc3 d5 3. d4 c6 4. e3 Nf6 5. Qc2 Nbd7 6. Nf3 Bd6 7. b3 O-O 8. Be2 b6 9. O-O Bb7 10. Bb2 Qe7 11. Rad1 Rad8 12. Rfe1 Rfe8 13. Bd3 {D45: Semi-Slav: 5 e3} (13. e4 Nxe4 14. Nxe4 dxe4 15. Qxe4 Bb4 16. Rf1 Bd6 17. Rfe1 Bb4 18. Rf1 Bd6 19. Rfe1 Bb4 {½-½ (19) Radjabov,T (2748)-Carlsen,M (2843) Shamkir 2018}) 13... e5 14. cxd5 cxd5 {And now ...e4 would win.} 15. dxe5 {The position is equal.} Nxe5 16. Nd4 Nxd3 17. Qxd3 Ne4 18. Nxe4 dxe4 {[#]} 19. Qc3 $146 {Black must now prevent Nf5!} ({Predecessor:} 19. Qb5 Bb4 20. Nf5 Qc5 21. Qxc5 bxc5 22. Nxg7 Bxe1 23. Rxe1 {½-½ (52) Turov,M (2561)-Yakovich,Y (2597) Krasnoyarsk 2007}) 19... Qc7 $2 {[%mdl 8192] [#]} (19... Qe5 $11 20. g3 a6) 20. Nc6 $1 $18 {[%csl Gb2][%cal Rc3g7][%mdl 576] Double Attack, Discovered Attack} Bxh2+ {[#]} (20... Bxc6 21. Qxg7#) 21. Kh1 $1 {[%mdl 512]} 1-0

[Event "Mitropa Cup Open 2019"]
[Site "Radenci"]
[Date "2019.05.28"]
[Round "2.5"]
[White "Bogner, Sebastian"]
[Black "Gazik, Viktor"]
[Result "0-1"]
[WhiteElo "2597"]
[BlackElo "2520"]
[Annotator "TA"]
[PlyCount "80"]
[EventDate "2019.05.27"]
[EventType "team-tourn"]
[EventCountry "SLO"]
[SourceTitle "playchess.com"]
[Source "ChessBase"]
[SourceQuality "1"]
[WhiteTeam "Switzerland"]
[BlackTeam "Slovakia"]
[WhiteTeamCountry "SUI"]
[BlackTeamCountry "SVK"]

{[%evp 11,80,47,68,54,88,62,61,71,71,47,62,62,51,48,48,39,61,49,95,0,0,0,0,0,0,0,24,26,45,0,50,50,71,65,143,93,72,49,41,39,50,0,77,77,83,33,27,38,72,67,142,0,48,37,53,0,25,0,15,0,0,-28,-32,-58,-20,-341,-195,-954,-950,-1008,-951]} 1. e4 c5 2. Nf3 d6 3. d4 cxd4 4. Nxd4 Nf6 5. Nc3 g6 6. Be3 a6 7. f3 {B72: Sicilian Dragon: 6 Be3, lines with h3+Bc4 and sidelines} Nbd7 (7... b5 8. Qd2 Bb7 9. g4 h6 10. O-O-O Nbd7 11. h4 Rc8 12. Bd3 b4 13. Nce2 e5 14. Nb3 d5 15. exd5 Nxd5 {1-0 (33) Caruana,F (2817)-Shabalov,A (2556) Saint Louis 2017}) 8. Qd2 h5 9. Be2 {White is slightly better.} Bg7 10. O-O O-O 11. a4 b6 12. Nd5 Bb7 $1 13. c4 e6 14. Nxf6+ Bxf6 15. Rfc1 $146 (15. a5 $16) ({Predecessor:} 15. Rfd1 Re8 16. Nb3 {0-1 (26) Ichimura G Barbosa,L (1967)-Hoffman,A (2454) Florianopolis 2019}) 15... Nc5 16. b4 {[%cal Bb2b4,Bb4c5][%mdl 32]} e5 17. bxc5 {aiming for Ne6.} exd4 18. Bh6 $36 {[%mdl 2048] White is more active.} d3 (18... bxc5 {keeps more tension.} 19. Bxf8 Qxf8 20. a5 Bd8 21. Bd3 Bc7) 19. Qxd3 Bxa1 20. Bxf8 Kxf8 21. Rxa1 bxc5 22. Rd1 Ke7 (22... a5 $14) 23. Qe3 {Threatens to win with e5.} Qc7 24. Qg5+ Ke8 25. Qf6 Rd8 26. a5 Bc6 (26... Qxa5 $11 {remains equal.} 27. Bd3 Qc7) 27. Kf2 Qe7 28. Qh8+ Kd7 29. Qb2 Qh4+ 30. Kg1 Qf4 {[#]} ({Black should try} 30... Qe7 $14) 31. Qb6 (31. g3 $1 $16 {[%cal Rg3f4]} Qg5 32. Qb6) 31... Qe3+ 32. Kf1 Rc8 33. Rd3 (33. Qb2 $14 Ke7 34. Qb6) 33... Qg5 34. g3 Qf6 35. Kg2 g5 36. Qxa6 Rb8 {White must now prevent ...g4.} 37. Qa7+ Kc8 $1 {[%mdl 1024] And now ...g4 would win. Black has compensation.} 38. Qa6+ $2 {[%mdl 8192] [#]} (38. Kf2 $1 $11 {and White has nothing to worry.}) 38... Kc7 $1 $19 {Hoping for ...g4!} 39. Rd2 $2 (39. Kf2) 39... Qc3 40. Ra2 {[#]} g4 $1 {[%mdl 512] Accuracy: White = 44%, Black = 59%.} 0-1

[Event "Mitropa Cup Open 2019"]
[Site "Radenci"]
[Date "2019.05.28"]
[Round "2.6"]
[White "Druska, Juraj"]
[Black "Pelletier, Yannick"]
[Result "1/2-1/2"]
[WhiteElo "2460"]
[BlackElo "2547"]
[Annotator "TA"]
[PlyCount "118"]
[EventDate "2019.05.27"]
[EventType "team-tourn"]
[EventCountry "SLO"]
[SourceTitle "playchess.com"]
[Source "ChessBase"]
[SourceQuality "1"]
[WhiteTeam "Slovakia"]
[WhiteTeamCountry "SVK"]

{[%evp 10,118,22,18,33,29,33,-6,31,43,35,-25,-23,-25,-22,-27,-9,-9,-12,-20,-2,-26,-21,-21,-21,-31,-22,-25,-16,-36,-52,-42,-35,-30,-33,-20,-43,-65,-22,-35,0,0,0,0,0,-15,-15,-78,-67,-94,-94,-209,-209,-305,-295,-308,-277,-548,-500,-760,-760,-583,-408,-304,0,-487,0,-723,-707,-576,-92,-92,-81,-81,-81,-81,-81,-81,-81,-81,-81,-81,-81,-81,-81,-81,-33,-33,-33,-33,-33,-33,-33,-33,0,0,0,0,0,0,0,0,0,0,0,0,0,0,0,0,0]} 1. e4 e6 2. d4 d5 3. exd5 exd5 4. Nf3 Nf6 5. Bd3 c5 6. c3 c4 {B22: Sicilian: 2 c3} (6... Be7 7. dxc5 Bxc5 8. O-O O-O 9. Nbd2 Nc6 10. Nb3 Bb6 11. Bg5 h6 12. Bh4 g5 13. Bg3 Ne4 14. Bxe4 dxe4 15. Ne5 f5 16. Nxc6 bxc6 17. Bd6 Rf7 {0-1 (34) Tokranovs,D (2354)-Demidov,M (2523) chess.com INT 2018}) 7. Bc2 Bd6 8. Ne5 $146 ({Predecessor:} 8. O-O O-O 9. Ne5 Nc6 10. Re1 Bxe5 11. dxe5 Ng4 12. Bf4 Qb6 13. Qd2 Re8 14. Na3 {½-½ (38) Gu,X (2286)-Cornette,D (2378) Melbourne 2016}) 8... Nbd7 (8... Nc6 {seems wilder.} 9. f4 O-O 10. O-O Qb6 11. Kh1 Qc7) 9. O-O O-O 10. Nxd7 (10. Bf4 $14) 10... Bxd7 $11 11. Bg5 h6 $36 {[%mdl 2048] Black has good play.} 12. Bh4 Bg4 {[#]} 13. Qxg4 $1 {[%mdl 512]} Nxg4 14. Bxd8 Rfxd8 ({Don't blunder} 14... Bxh2+ $2 15. Kh1 $18) 15. h3 Nf6 16. Re1 b5 17. a3 a5 (17... g6 {with more complications.} 18. Nd2 h5 19. Nf1 a5 20. Bd1 h4) 18. Nd2 b4 19. axb4 axb4 20. Reb1 Rdb8 21. Nf1 g6 22. g3 h5 23. h4 Kg7 24. Kg2 bxc3 25. bxc3 Rxb1 26. Rxa8 Rc1 (26... Rb2 $5 27. Ne3 $8 Bc7 $11) 27. Ne3 Ng4 28. Nxg4 (28. Ra2 $1 $11 Nxe3+ 29. fxe3) 28... hxg4 {[%mdl 4096] Endgame KRB-KRB} ({Of course not} 28... Rxc2 $6 29. Ne3 $11) 29. Ba4 Rxc3 30. Bc6 (30. Rd8 $17 Bb4 31. Rxd5) 30... Rd3 $19 31. Bxd5 (31. Ra5 {was necessary.}) 31... Rxd4 32. Bc6 {[#]} Rd2 $1 33. Ba4 $2 (33. Rd8) 33... Bc5 34. Rc8 (34. Kf1 $142 Bxf2 35. Rc8 Bxg3 36. Rxc4 Rf2+ 37. Kg1) 34... Rxf2+ 35. Kh1 Rf1+ 36. Kg2 Rf2+ $2 (36... Rf5 37. Bd7 Rd5) 37. Kh1 $1 Rf1+ $2 ({Black should play} 37... Rf5 $19 {...c3 is the strong threat.} 38. Bc2 Rf1+ 39. Kh2 Rf2+ 40. Kh1 Bd6 41. Rxc4 f5) 38. Kh2 $2 {[%mdl 8192]} (38. Kg2 $11 Rf2+) 38... Rf5 39. Bd7 Rf2+ $2 (39... Rd5 $19 {and Black stays clearly on top.} 40. Bc6 Re5) 40. Kh1 $17 c3 41. Rxc5 {KRB-KR} c2 {White must now prevent ...Rf1+.} 42. Bb5 {next Bd3 is good for White.} Rd2 {Strongly threatening ...Rd1+.} 43. Bf1 Rd1 44. Rxc2 {aiming for Kg2.} Rxf1+ {KR-KR} 45. Kg2 Re1 46. Rc4 f5 47. Rc6 Kf7 48. h5 gxh5 {Threatens to win with ...Re6.} 49. Rh6 Re2+ 50. Kg1 Re3 51. Kg2 f4 52. gxf4 {The position is equal.} Rh3 53. f5 Kg7 54. Rg6+ Kf7 55. Rh6 h4 56. Rg6 Rg3+ 57. Kh2 Ke7 58. Rh6 Rh3+ 59. Kg2 Rg3+ {Accuracy: White = 56%, Black = 42%.} 1/2-1/2